[Event "JUG-chT2"]
[Site "Tivat"]
[Date "1995.??.??"]
[Round "5"]
[White "Bauk, Slavko"]
[Black "Lajthajm, Borko"]
[Result "1/2-1/2"]
[WhiteElo "2330"]
[BlackElo "2300"]
[PlyCount "66"]
[EventDate "1995.??.??"]
[Source "www.chesslib.no"]
[SourceDate "2004.05.04"]

1. d4 d5 2. c4 c6 3. Nf3 Nf6 4. Nc3 e6 5. Bg5 Be7 6. e3 Nbd7 7. Rc1 O-O 8. Qc2 Re8 9. Bd3 h6 10. Bh4 a6 11. cxd5 exd5 12. O-O Nf8 13. Rfe1 Be6 14. Ne5 g5 15. Bg3 Nh5 16. f4 Nxg3 17. hxg3 f6 18. Ng6 Bf7 19. Nxe7+ Rxe7 20. Na4 Qc7 21. Nc5 Rae8 22. Qd2 Ne6 23. Nxe6 Rxe6 24. b4 Kg7 25. a4 Qb6 26. b5 cxb5 27. axb5 a5 28. Rc5 Qd6 29. Bf5 R6e7 30. Bb1 Re6 31. Bf5 R6e7 32. Bb1 Re6 33. Bf5 R6e7 1/2-1/2

[Event "Berlin Open"]
[Site "Berlin West"]
[Date "1988.??.??"]
[Round "8"]
[White "Chiburdanidze, Maia G"]
[Black "Unrath, Heiko"]
[Result "1-0"]
[WhiteElo "2560"]
[BlackElo "2060"]
[PlyCount "61"]
[EventDate "1988.08.??"]
[Source "www.chesslib.no"]
[SourceDate "2004.05.04"]

1. d4 d5 2. c4 e6 3. Nf3 Nf6 4. Nc3 Be7 5. Bg5 O-O 6. e3 Nbd7 7. Rc1 c6 8. a3 Re8 9. Qc2 dxc4 10. Bxc4 Nd5 11. Bxe7 Qxe7 12. Ne2 N5f6 13. Ng3 c5 14. Bb5 cxd4 15. Nxd4 a6 16. Be2 g6 17. O-O e5 18. Nb3 h5 19. Rfd1 Nf8 20. Qc5 Qxc5 21. Nxc5 Ne6 22. Nce4 Nxe4 23. Nxe4 Kf8 24. Nd6 Rd8 25. Nc4 Rxd1+ 26. Bxd1 Bd7 27. Nxe5 Bb5 28. Bb3 Rd8 29. Bxe6 fxe6 30. Nxg6+ Kg7 31. Nf4 1-0

[Event "Calvia ESP"]
[Site "?"]
[Date "2004.10.28"]
[Round "13"]
[White "Purnama Tirta Chandra INA"]
[Black "Erhembayar Duurenbayar MGL"]
[Result "1-0"]
[WhiteElo "2286"]
[BlackElo "2332"]
[PlyCount "137"]
[EventDate "2004.??.??"]
[Source "www.chesslib.no"]
[SourceDate "2004.05.04"]

1. d4 Nf6 2. c4 c6 3. Nf3 d5 4. Nc3 e6 5. Bg5 Be7 6. e3 O-O 7. Qc2 Nbd7 8. Rc1 h6 9. Bh4 Re8 10. Bd3 dxc4 11. Bxc4 b5 12. Bd3 a6 13. a4 Bb7 14. O-O Rc8 15. Rfd1 Qb6 16. Ne5 Nf8 17. Ne4 Nxe4 18. Bxe7 Rxe7 19. Bxe4 Rec7 20. Nd3 Nd7 21. Nc5 Nf6 22. Qb3 b4 23. Bf3 a5 24. Rc2 Ba8 25. Rdc1 Qa7 26. Qc4 Qb6 27. Qa6 Qxa6 28. Nxa6 Ra7 29. Nc5 Nd5 30. Bxd5 exd5 31. Nb3 Bb7 32. Rc5 Rca8 33. f3 f5 34. Kf2 Kf7 35. e4 fxe4 36. fxe4 dxe4 37. Ke3 Bc8 38. d5 Rd7 39. Nxa5 Rxd5 40. Nxc6 Rxc5 41. Rxc5 Be6 42. Nd4 Bd7 43. Rc7 Ke7 44. b3 Kd6 45. Rb7 Rc8 46. Rxb4 Kd5 47. Ne2 Bg4 48. Rd4+ Ke5 49. Rxe4+ Kf5 50. Nd4+ Kg5 51. Kd3 Rc1 52. Ne6+ Kf5 53. Nxg7+ Kg5 54. Ne6+ Kh5 55. Re5+ Kg6 56. Nd4 Rg1 57. h3 Bc8 58. Nf3 Rb1 59. Kc3 Kf6 60. Re2 Bf5 61. a5 Ra1 62. Kb4 h5 63. Nd4 Bd3 64. Re3 Bf1 65. Nc2 Rc1 66. Re1 Rxe1 67. Nxe1 Ke5 68. g4 hxg4 69. hxg4 1-0

[Event "Thessaloniki ol (Men)"]
[Site "Thessaloniki GRE"]
[Date "1988.??.??"]
[Round "4"]
[White "Nickoloff, Bryon"]
[Black "Hynes, Kilian A"]
[Result "1/2-1/2"]
[WhiteElo "2390"]
[BlackElo "2220"]
[PlyCount "119"]
[EventDate "1988.11.??"]
[Source "www.chesslib.no"]
[SourceDate "2004.05.04"]

1. d4 Nf6 2. c4 e6 3. Nf3 d5 4. Nc3 Be7 5. Bg5 O-O 6. Rc1 c6 7. e3 Nbd7 8. Qc2 Ne4 9. Bxe7 Qxe7 10. Bd3 Nxc3 11. Qxc3 dxc4 12. Bxc4 b6 13. O-O Bb7 14. Be2 Rfc8 15. Rfd1 c5 16. Qa3 Rc7 17. Rc2 a5 18. Nd2 Rac8 19. Rdc1 Qd8 20. dxc5 Rxc5 21. Rxc5 Rxc5 22. Rxc5 Nxc5 23. Qc3 Ne4 24. Nxe4 Bxe4 25. f3 Bb7 26. Qe5 g6 27. Kf2 Bd5 28. a3 Qh4+ 29. Kf1 Qd8 30. Ke1 Bc6 31. g3 Bd5 32. h4 f6 33. Qd4 Qd6 34. Kf2 e5 35. Qc3 Qc6 36. Qd2 Kg7 37. Bd1 f5 38. Be2 Qc5 39. f4 exf4 40. gxf4 Qc6 41. Qd4+ Kg8 42. Bd3 h5 43. Ke2 Be6 44. e4 fxe4 45. Bxe4 Qb5+ 46. Bd3 Qc6 47. Kf2 Bf7 48. Be4 Qc7 49. Kg3 Qc8 50. Bf3 Qe6 51. Qe5 Kh7 52. Qd4 Qe1+ 53. Qf2 Qxf2+ 54. Kxf2 Kg7 55. Ke3 Kf6 56. Be4 Be6 57. Kd4 Bf5 58. Bb7 Be6 59. Ke4 Bb3 60. Bc8 1/2-1/2

[Event "World op"]
[Site "Philadelphia"]
[Date "2000.07.02"]
[Round "5"]
[White "Bonin, Jay R"]
[Black "Wright, William"]
[Result "1/2-1/2"]
[WhiteElo "2419"]
[BlackElo "2186"]
[PlyCount "39"]
[EventDate "2000.06.28"]
[Source "www.chesslib.no"]
[SourceDate "2004.05.04"]

1. d4 d5 2. c4 e6 3. Nf3 Nf6 4. Nc3 Be7 5. Bg5 Nbd7 6. e3 O-O 7. Rc1 c6 8. Qc2 h6 9. Bh4 a6 10. h3 dxc4 11. Bxc4 b5 12. Be2 Bb7 13. O-O c5 14. dxc5 Nxc5 15. Rfd1 Qa5 16. Bxf6 Bxf6 17. Nxb5 axb5 18. Qxc5 Qxa2 19. Nd4 Qxb2 20. Qxb5 1/2-1/2

[Event "Salsomaggiore op"]
[Site "Salsomaggiore"]
[Date "2000.??.??"]
[Round "1"]
[White "Laketic, Gojko"]
[Black "Popa, Claudio"]
[Result "1-0"]
[WhiteElo "2456"]
[BlackElo "2140"]
[PlyCount "127"]
[EventDate "2000.??.??"]
[Source "www.chesslib.no"]
[SourceDate "2004.05.04"]

1. d4 d5 2. Nf3 Nf6 3. c4 e6 4. Nc3 Be7 5. Bg5 Nbd7 6. e3 O-O 7. Rc1 c6 8. a3 Re8 9. Qc2 a6 10. cxd5 exd5 11. Bd3 Nf8 12. O-O Ng6 13. Bxf6 Bxf6 14. Na4 Bg4 15. Nd2 Be7 16. Bf5 Bxf5 17. Qxf5 Nh4 18. Qg4 Qa5 19. Qd1 Bd6 20. Nc5 Rab8 21. Rc3 Qc7 22. Qh5 Qe7 23. g3 Ng6 24. b4 Nf8 25. Ndb3 Nd7 26. Nxd7 Qxd7 27. Nc5 Bxc5 28. bxc5 Rbc8 29. Rb1 Rc7 30. Rcb3 Re7 31. Kg2 Qe6 32. R1b2 Qe4+ 33. f3 Qg6 34. Qh4 h6 35. Qf4 f5 36. h4 Qf7 37. Kf2 Kh7 38. Rb1 Kh8 39. g4 fxg4 40. Qxg4 Kh7 41. h5 Qf6 42. Qh3 Rf7 43. Rg1 Qf5 44. Qxf5+ Rxf5 45. Rh1 g5 46. hxg6+ Kxg6 47. Rg1+ Kh7 48. Rgb1 Rff7 49. R3b2 h5 50. Rh1 Kh6 51. Rbb1 Rf5 52. Rbg1 Rcf7 53. Rh3 Re7 54. Ke2 Ref7 55. Rgh1 Rf8 56. Kd3 Rxf3 57. Rxh5+ Kg6 58. Rh6+ Kg5 59. Rh7 R8f7 60. Rg1+ Kf6 61. Rxf7+ Kxf7 62. Rb1 Rf2 63. Rxb7+ Ke6 64. Rc7 1-0

[Event "PER-ch serie D"]
[Site "?"]
[Date "2002.??.??"]
[Round "4"]
[White "Cruz Filemon"]
[Black "Nina Miguel"]
[Result "1/2-1/2"]
[WhiteElo "2360"]
[BlackElo "2235"]
[PlyCount "49"]
[EventDate "2002.??.??"]
[Source "www.chesslib.no"]
[SourceDate "2004.05.04"]

1. d4 d5 2. Nf3 c6 3. c4 e6 4. Qc2 Nf6 5. Bg5 Nbd7 6. a3 Be7 7. e3 O-O 8. Nc3 Re8 9. Rc1 h6 10. Bh4 a6 11. Bd3 dxc4 12. Bxc4 b5 13. Be2 c5 14. dxc5 Nxc5 15. O-O Bb7 16. Rfd1 Ncd7 17. Ne5 Qc8 18. Nxd7 Nxd7 19. Bg3 Nf6 20. Qb1 Bc6 21. Bd6 Qb7 22. Bf1 Rac8 23. Bxe7 Rxe7 24. Rd4 Ree8 25. Rcd1 1/2-1/2

[Event "BRA-sf 62nd"]
[Site "Florianopolis"]
[Date "1995.??.??"]
[Round "?"]
[White "Disconzi da Silva, Rodrigo"]
[Black "Caldeira, Adriano"]
[Result "1-0"]
[WhiteElo "2370"]
[BlackElo "2215"]
[PlyCount "73"]
[EventDate "1995.??.??"]
[Source "www.chesslib.no"]
[SourceDate "2004.05.04"]

1. d4 d5 2. c4 e6 3. Nc3 Nf6 4. Bg5 Be7 5. e3 Nbd7 6. Nf3 O-O 7. Rc1 c6 8. Qc2 Re8 9. a3 dxc4 10. Bxc4 Nd5 11. Ne4 h6 12. Bxe7 Qxe7 13. O-O N5b6 14. Ba2 e5 15. Rfe1 Kh8 16. Ng3 Qf8 17. Rcd1 exd4 18. exd4 Nf6 19. Rxe8 Qxe8 20. Re1 Qf8 21. Ne5 Nbd5 22. Qb3 Kg8 23. Bb1 Qd6 24. Bf5 Qc7 25. Bxc8 Qxc8 26. h3 Rb8 27. Qf3 g6 28. Ne4 Qd8 29. Nc5 Qc7 30. Ncd7 Kg7 31. Nxb8 Qxb8 32. Ng4 Qd6 33. Nxf6 Nxf6 34. Qc3 h5 35. Qc5 Qf4 36. Qe5 Qd2 37. Re3 1-0

[Event "Canada zt"]
[Site "Canada"]
[Date "1986.??.??"]
[Round "?"]
[White "Baragar, Fletcher"]
[Black "Pajak, John T"]
[Result "1/2-1/2"]
[WhiteElo "2270"]
[BlackElo "2310"]
[PlyCount "104"]
[EventDate "1986.??.??"]
[Source "ChessBase"]

1. d4 Nf6 2. c4 e6 3. Nc3 d5 4. Bg5 Be7 5. e3 O-O 6. Rc1 Nbd7 7. Nf3 c6 8. Qc2 Re8 9. a3 a6 10. cxd5 exd5 11. Bd3 Nf8 12. O-O Ng6 13. Ne5 Ng4 14. Bxe7 Qxe7 15. Nxg4 Bxg4 16. Rce1 Nf8 17. Na4 Rad8 18. Nc5 Rd6 19. f3 Bc8 20. Qf2 Red8 21. b4 Rh6 22. Re2 Ne6 23. Nxe6 Bxe6 24. Rb1 Bd7 25. Ree1 Qd6 26. Qg3 f5 27. Qxd6 Rxd6 28. a4 g6 29. b5 axb5 30. axb5 Ra8 31. bxc6 Bxc6 32. Ra1 Rdd8 33. Kf2 Kf7 34. Kg3 Re8 35. Kf4 Rxa1 36. Rxa1 Kf6 37. h4 h6 38. Re1 g5+ 39. hxg5+ hxg5+ 40. Kg3 f4+ 41. Kf2 fxe3+ 42. Rxe3 b5 43. Rxe8 Bxe8 44. Ke3 b4 45. Kd2 Ba4 46. Kc1 Bb3 47. Kb2 Bc4 48. Bh7 Bf1 49. g3 Bg2 50. f4 gxf4 51. gxf4 Be4 52. Bg8 Kf5 1/2-1/2

[Event "Sao Paulo State-ch4"]
[Site "Santos"]
[Date "1998.??.??"]
[Round "4"]
[White "Disconzi da Silva, Rodrigo"]
[Black "Frare, Fernando"]
[Result "1-0"]
[WhiteElo "2350"]
[BlackElo "2225"]
[PlyCount "127"]
[EventDate "1998.??.??"]
[Source "www.chesslib.no"]
[SourceDate "2004.05.04"]

1. d4 d5 2. c4 e6 3. Nc3 Nf6 4. Bg5 Be7 5. e3 O-O 6. Nf3 c6 7. Rc1 Nbd7 8. Qc2 Re8 9. a3 dxc4 10. Bxc4 Nd5 11. Ne4 h6 12. Bxe7 Qxe7 13. O-O N5b6 14. Ba2 e5 15. Ng3 exd4 16. exd4 Nf8 17. Rfe1 Be6 18. Qd2 Rad8 19. Qa5 Nc8 20. Re3 Qd7 21. Bb1 a6 22. Rce1 Ne7 23. Qh5 Nd5 24. Ne5 Qc7 25. Rf3 f6 26. Nd3 Bf7 27. Qg4 Rxe1+ 28. Nxe1 Re8 29. Nd3 Bg6 30. h4 Qd7 31. Qxd7 Nxd7 32. Kf1 Bxd3+ 33. Bxd3 Nf8 34. Bc4 Rd8 35. Nf5 Kh8 36. Rd3 Ne6 37. g3 h5 38. Ne3 Nec7 39. Rb3 b5 40. Be2 g6 41. Bf3 Kg7 42. Rd3 Kf7 43. Rd1 Ke7 44. Rc1 Kd6 45. Ke2 Re8 46. Kd3 Re7 47. Nf1 f5 48. Nd2 Ne6 49. Nb3 Rc7 50. Nc5 a5 51. Nb3 a4 52. Nc5 Ne7 53. Na6 Ra7 54. Nb4 c5 55. dxc5+ Nxc5+ 56. Ke2 Rc7 57. Ke3 Ng8 58. Rd1+ Ke5 59. Bc6 Nf6 60. f3 f4+ 61. gxf4+ Kf5 62. Nd5 Rf7 63. Bxb5 Rb7 64. Bc4 1-0

[Event "Philadelphia Open"]
[Site "Philadelphia, PA USA"]
[Date "1987.??.??"]
[Round "?"]
[White "Stone, Raymond"]
[Black "Lee, Darren"]
[Result "1-0"]
[WhiteElo "2340"]
[BlackElo "2235"]
[PlyCount "79"]
[EventDate "1987.06.??"]
[Source "www.chesslib.no"]
[SourceDate "2004.05.04"]

1. d4 Nf6 2. c4 e6 3. Nf3 d5 4. Nc3 Be7 5. Bg5 O-O 6. Rc1 c6 7. e3 Nbd7 8. Qc2 h6 9. Bh4 Re8 10. Bd3 dxc4 11. Bxc4 Nd5 12. Bg3 Nxc3 13. bxc3 Bf6 14. O-O b6 15. Rcd1 Bb7 16. e4 Qc8 17. Rfe1 Ba6 18. Bb3 c5 19. Qd2 c4 20. Bc2 e5 21. Bh4 Bxh4 22. Nxh4 Qc6 23. Nf5 Qf6 24. f4 exd4 25. cxd4 Rad8 26. e5 Qc6 27. Qc3 Nf8 28. Qg3 Ng6 29. Be4 Qc7 30. Nxh6+ gxh6 31. f5 Rf8 32. fxg6 f6 33. exf6 Qxg3 34. f7+ Kg7 35. hxg3 Bc8 36. d5 Bg4 37. Rd4 Bh5 38. Bc2 Rd6 39. Re6 Rfd8 40. Re8 1-0

[Event "JUG-chJ"]
[Site "Subotica"]
[Date "2000.??.??"]
[Round "14"]
[White "Miljkovic, Miroslav"]
[Black "Boskovic, Drasko"]
[Result "1/2-1/2"]
[WhiteElo "2240"]
[BlackElo "2332"]
[PlyCount "56"]
[EventDate "2000.??.??"]
[Source "www.chesslib.no"]
[SourceDate "2004.05.04"]

1. d4 d5 2. c4 c6 3. Nf3 Nf6 4. Nc3 e6 5. Bg5 Be7 6. e3 Nbd7 7. Qc2 O-O 8. Rc1 h6 9. Bh4 a6 10. a3 Re8 11. Bd3 dxc4 12. Bxc4 b5 13. Be2 Bb7 14. b4 a5 15. Qb2 axb4 16. axb4 Nb6 17. O-O Na4 18. Nxa4 Rxa4 19. Ne5 Rxb4 20. Qc2 c5 21. Bxf6 Bxf6 22. Qxc5 Qd5 23. Qxd5 Bxd5 24. Rb1 Rxb1 25. Rxb1 Bxe5 26. dxe5 Rc8 27. Bxb5 Be4 28. Ra1 Rc5 1/2-1/2

[Event "Helsinki op2"]
[Site "Helsinki"]
[Date "1999.??.??"]
[Round "4"]
[White "Sammalvuo, Tapani"]
[Black "Lehtinen, Antti"]
[Result "1-0"]
[WhiteElo "2413"]
[BlackElo "2155"]
[PlyCount "39"]
[EventDate "1999.??.??"]
[Source "www.chesslib.no"]
[SourceDate "2004.05.04"]

1. d4 d5 2. c4 e6 3. Nc3 Nf6 4. Bg5 Be7 5. e3 O-O 6. Nf3 Nbd7 7. Rc1 c6 8. Qc2 h6 9. Bh4 dxc4 10. Bxc4 Nd5 11. Bg3 f5 12. Ne5 N7b6 13. Bb3 f4 14. exf4 Nxf4 15. Qe4 Nbd5 16. Bc2 Rf5 17. Bxf4 Nxf4 18. g4 Rxe5 19. dxe5 Bg5 20. Rd1 1-0

[Event "Tatry op"]
[Site "Tatranske Zruby"]
[Date "2000.10.09"]
[Round "3"]
[White "Vavrak, Peter"]
[Black "Harasta, Vladimir"]
[Result "0-1"]
[WhiteElo "2361"]
[BlackElo "2203"]
[PlyCount "98"]
[EventDate "2000.10.07"]
[Source "www.chesslib.no"]
[SourceDate "2004.05.04"]

1. d4 d5 2. c4 e6 3. Nf3 Nf6 4. Bg5 Be7 5. e3 Nbd7 6. Nc3 O-O 7. Qc2 c6 8. a3 Re8 9. Rc1 h6 10. Bh4 dxc4 11. Bxc4 Nd5 12. Bg3 Nxc3 13. Qxc3 b6 14. O-O Bb7 15. Rcd1 Qc8 16. e4 c5 17. d5 exd5 18. exd5 Bf6 19. Qc2 Ba6 20. Rd2 Bxc4 21. Qxc4 Qb7 22. Qg4 Rac8 23. Nh4 Bxh4 24. Bxh4 c4 25. h3 b5 26. Rc1 Ne5 27. Qg3 Qd7 28. Bf6 Ng6 29. Bc3 Kh7 30. d6 Re6 31. Rcd1 f6 32. Rd5 a6 33. Qg4 Nf8 34. R1d4 Rce8 35. Rd1 Rd8 36. Ba5 Rde8 37. Bb4 Re5 38. Rxe5 Rxe5 39. Bc3 Qxg4 40. hxg4 Re8 41. a4 Nd7 42. axb5 axb5 43. Ra1 Rd8 44. Ra5 Ne5 45. Bb4 Nd3 46. Rxb5 Nxb4 47. Rxb4 Rxd6 48. Rxc4 Rd1+ 49. Kh2 Rd2 0-1

[Event "Campionato Americano 2007"]
[Site "Cali COL"]
[Date "2007.07.20"]
[Round "11.27"]
[White "Nina, Miguel Angel"]
[Black "Ruiz, Pablo"]
[Result "0-1"]
[WhiteElo "2312"]
[BlackElo "2247"]
[PlyCount "91"]
[EventDate "2007.07.10"]
[Source "www.chesslib.no"]
[SourceDate "2004.05.04"]

1. d4 d5 2. Nf3 Nf6 3. c4 e6 4. Bg5 Be7 5. e3 O-O 6. Nc3 Nbd7 7. Rc1 c6 8. Qc2 Re8 9. Bd3 dxc4 10. Bxc4 Nd5 11. Bxe7 Qxe7 12. O-O Nxc3 13. Qxc3 e5 14. Rfd1 e4 15. Ne1 Nf6 16. h3 Bf5 17. b4 h5 18. d5 cxd5 19. Bxd5 Rac8 20. Qb3 Rxc1 21. Rxc1 Rd8 22. Bc4 Nd7 23. Nc2 Ne5 24. Nd4 Bxh3 25. Bf1 Qg5 26. Rc5 Be6 27. Qd1 Bg4 28. Be2 b6 29. Rc3 Bf3 30. Qf1 Rd6 31. Bxf3 Nxf3+ 32. Nxf3 exf3 33. g3 Qg4 34. Rc4 Qd7 35. Rc1 h4 36. Qc4 hxg3 37. Qc8+ Kh7 38. Qxd7 Rxd7 39. fxg3 g5 40. g4 Rd2 41. Rc7 Kg6 42. a4 Rg2+ 43. Kf1 Rxg4 44. Kf2 Rxb4 45. Rxa7 g4 46. Kg3 0-1

[Event "Oberwart op"]
[Site "Oberwart"]
[Date "1997.07.09"]
[Round "5"]
[White "Kummer, Helmut"]
[Black "Stanka, Wolfgang"]
[Result "1-0"]
[WhiteElo "2350"]
[BlackElo "2190"]
[PlyCount "65"]
[EventDate "1997.07.05"]
[Source "www.chesslib.no"]
[SourceDate "2004.05.04"]

1. d4 e6 2. c4 d5 3. Nc3 Nf6 4. Bg5 Be7 5. e3 O-O 6. Nf3 c6 7. Qc2 Nbd7 8. Rc1 b6 9. cxd5 exd5 10. Bd3 h6 11. Bh4 c5 12. O-O Bb7 13. Rfd1 Rc8 14. Bf5 g6 15. Bxg6 fxg6 16. Qxg6+ Kh8 17. dxc5 bxc5 18. Qxh6+ Nh7 19. Nxd5 Bxd5 20. Rxd5 Rxf3 21. Bxe7 Qxe7 22. gxf3 Ne5 23. Qf4 Ng6 24. Qe4 Qg7 25. Kh1 Qxb2 26. Rg1 Nhf8 27. Rh5+ Kg7 28. Qe7+ Kg8 29. Rxg6+ Nxg6 30. Qh7+ Kf8 31. Rf5+ Ke8 32. Qxg6+ Kd8 33. Qd6+ 1-0

[Event "Asian U20, Tehran IRI"]
[Site "?"]
[Date "2001.??.??"]
[Round "1"]
[White "Sundararajan, K."]
[Black "Noroozi, O."]
[Result "1-0"]
[WhiteElo "2420"]
[BlackElo "2115"]
[PlyCount "49"]
[EventDate "2001.??.??"]
[Source "www.chesslib.no"]
[SourceDate "2004.05.04"]

1. d4 d5 2. c4 e6 3. Nc3 Nf6 4. Bg5 Be7 5. e3 O-O 6. Nf3 Nbd7 7. Rc1 c6 8. Qc2 h6 9. Bh4 Re8 10. Bd3 dxc4 11. Bxc4 Nd5 12. Bg3 Bf6 13. Ne4 Qa5+ 14. Nfd2 e5 15. Nxf6+ N5xf6 16. O-O exd4 17. exd4 Nf8 18. Be5 Ng4 19. Bg3 Bf5 20. Nb3 Bxc2 21. Nxa5 b6 22. Nxc6 Bf5 23. Ba6 Re6 24. d5 Rf6 25. h3 1-0

[Event "VEN-ch"]
[Site "?"]
[Date "2001.12.08"]
[Round "4"]
[White "Borges Gabriel"]
[Black "Prasca Sosa Raphael"]
[Result "1/2-1/2"]
[WhiteElo "2228"]
[BlackElo "2302"]
[PlyCount "111"]
[EventDate "2001.??.??"]
[Source "www.chesslib.no"]
[SourceDate "2004.05.04"]

1. d4 d5 2. c4 e6 3. Nc3 Nf6 4. Bg5 Be7 5. e3 O-O 6. Nf3 c6 7. Rc1 Nbd7 8. Qc2 h6 9. Bh4 dxc4 10. Bxc4 Nd5 11. Bxe7 Qxe7 12. O-O N5b6 13. Bb3 Nd5 14. Rfd1 Re8 15. a3 Nxc3 16. Qxc3 e5 17. dxe5 Nf8 18. h3 Bf5 19. Bc2 Bg6 20. Bxg6 Nxg6 21. Qb3 Rab8 22. Rd4 Nxe5 23. Nxe5 Qxe5 24. Rd7 Qe6 25. Qd3 Re7 26. Rd4 Rbe8 27. b4 Rc7 28. Rd1 b6 29. Rc1 Qc8 30. Rdc4 Rd8 31. Qc3 Rd6 32. Kf1 Qd8 33. Ke2 Rcd7 34. Rc2 Rd3 35. Qb2 f5 36. Rxc6 Qg5 37. Rc8+ Kh7 38. Qe5 Re7 39. Qxe7 Qxe7 40. Kxd3 Qe4+ 41. Ke2 Qxg2 42. R8c7 a6 43. R7c6 Qxh3 44. Rxb6 Qg4+ 45. Ke1 h5 46. Rc7 Qg1+ 47. Ke2 f4 48. exf4 Qg4+ 49. Ke1 Qxf4 50. Rbb7 Qe4+ 51. Kf1 Qh1+ 52. Ke2 Qe4+ 53. Kf1 Qh1+ 54. Ke2 Qe4+ 55. Kf1 Qh1+ 56. Ke2 1/2-1/2

[Event "SVK Team Ch 9596"]
[Site "Slovakia"]
[Date "1996.??.??"]
[Round "10"]
[White "Biro, Karol"]
[Black "Ac, Michal"]
[Result "1/2-1/2"]
[WhiteElo "2240"]
[BlackElo "2265"]
[PlyCount "34"]
[EventDate "1995.??.??"]
[Source "www.chesslib.no"]
[SourceDate "2004.05.04"]

1. d4 d5 2. Nf3 Nf6 3. c4 e6 4. Nc3 Nbd7 5. Bg5 Be7 6. e3 O-O 7. Qc2 c6 8. Rc1 Re8 9. cxd5 exd5 10. Bd3 Nf8 11. O-O g6 12. h3 Ne6 13. Bh4 Ng7 14. Bg3 Bf5 15. Be5 Bxd3 16. Qxd3 Bd6 17. Bxd6 Qxd6 1/2-1/2

[Event "SVK Team Ch 9596"]
[Site "Slovakia"]
[Date "1996.??.??"]
[Round "7"]
[White "Duriga, Stefan"]
[Black "Zamecnik, Frantisek"]
[Result "1-0"]
[WhiteElo "2210"]
[BlackElo "2290"]
[PlyCount "91"]
[EventDate "1995.??.??"]
[Source "www.chesslib.no"]
[SourceDate "2004.05.04"]

1. d4 Nf6 2. Nf3 e6 3. Bg5 d5 4. e3 Be7 5. c4 O-O 6. Nc3 Nbd7 7. Rc1 c6 8. Qc2 Ne4 9. Bxe7 Qxe7 10. cxd5 exd5 11. Nxe4 dxe4 12. Nd2 Nf6 13. Qc5 Re8 14. Qxe7 Rxe7 15. Bc4 Be6 16. h3 Bxc4 17. Nxc4 Nd5 18. a3 Nb6 19. Na5 Rd8 20. b4 f5 21. O-O Kf7 22. Rc5 Kf6 23. Rfc1 Na4 24. R5c2 Nb6 25. g3 g5 26. Rb1 a6 27. Nc4 Nxc4 28. Rxc4 Red7 29. a4 Rd5 30. b5 cxb5 31. axb5 axb5 32. Rc7 R8d7 33. Rxd7 Rxd7 34. Rxb5 Rc7 35. g4 fxg4 36. hxg4 Kg6 37. Kg2 Re7 38. Kg3 h6 39. f3 exf3 40. Kxf3 Kf6 41. Rb6+ Kg7 42. Ke2 Rd7 43. Kd3 Rf7 44. d5 Rf1 45. Rxb7+ Kf6 46. Ke4 1-0

[Event "Wch U20 Girls"]
[Site "Zagan"]
[Date "1997.07.27"]
[Round "13"]
[White "Radziewicz, Iweta"]
[Black "Le Thi Phuong Lien"]
[Result "1-0"]
[WhiteElo "2220"]
[BlackElo "2265"]
[PlyCount "93"]
[EventDate "1997.07.14"]
[Source "ChessBase"]
[SourceDate "1997.09.26"]

1. d4 d5 2. Nf3 Nf6 3. c4 e6 4. Nc3 Be7 5. Bg5 O-O 6. e3 c6 7. Rc1 Nbd7 8. Qc2 Re8 9. cxd5 Nxd5 10. h4 h6 11. Nxd5 exd5 12. Bxe7 Qxe7 13. Bd3 Nf6 14. Ne5 Ne4 15. Bxe4 dxe4 16. a3 Bf5 17. Qc5 Be6 18. Qxe7 Rxe7 19. h5 Rc8 20. b4 Rec7 21. Kd2 Kf8 22. Rc3 Ke7 23. Rh4 Bd5 24. f3 exf3 25. gxf3 b6 26. e4 Be6 27. Rh1 f6 28. Ng6+ Kd8 29. Nf4 Bg8 30. Rhc1 Kd7 31. Ke3 Kd6 32. a4 Bf7 33. a5 bxa5 34. bxa5 c5 35. d5 Rb8 36. Rg1 Bg8 37. Ne2 a6 38. Ng3 Bh7 39. Ra1 Rb5 40. Nf1 Bg8 41. Nd2 Bf7 42. Nc4+ Kd7 43. Rg1 Bxh5 44. Rxg7+ Kd8 45. Rg8+ Be8 46. Nd6 Kd7 47. Nxe8 1-0

[Event "AUT-chT 9495"]
[Site "Austria"]
[Date "1995.??.??"]
[Round "?"]
[White "Pils, Walter"]
[Black "Singer, Richard"]
[Result "1-0"]
[WhiteElo "2355"]
[BlackElo "2125"]
[PlyCount "65"]
[EventDate "1994.??.??"]
[Source "ChessBase"]

1. c4 e6 2. Nc3 d5 3. d4 Be7 4. Nf3 Nf6 5. Bg5 Nbd7 6. e3 O-O 7. Qc2 c6 8. Rc1 Re8 9. Bd3 h6 10. Bh4 b6 11. cxd5 exd5 12. O-O Bb7 13. Rfd1 Nh5 14. Bxe7 Qxe7 15. Qe2 Rad8 16. a3 Nhf6 17. b4 b5 18. Nd2 Nb6 19. Nb3 Rd6 20. Bf5 Bc8 21. Bxc8 Rxc8 22. Nc5 Rb8 23. Ra1 a5 24. bxa5 Nc4 25. a6 Nd7 26. Nd3 Rg6 27. Nf4 Rd6 28. Rdb1 g5 29. Nd3 Re6 30. a4 b4 31. a7 Ra8 32. Nxb4 Nf6 33. Nbxd5 1-0

[Event "Budapest HUN"]
[Site "?"]
[Date "2003.12.12"]
[Round "7"]
[White "Humphrey Jonathan"]
[Black "Boguszlavszkij Jevgenyij"]
[Result "0-1"]
[WhiteElo "2217"]
[BlackElo "2262"]
[PlyCount "110"]
[EventDate "2003.??.??"]
[Source "www.chesslib.no"]
[SourceDate "2004.05.04"]

1. d4 d5 2. c4 e6 3. Nc3 Nf6 4. Nf3 c6 5. Bg5 Be7 6. e3 O-O 7. Qc2 Nbd7 8. Rc1 Re8 9. a3 Nf8 10. Bd3 Ng6 11. O-O Nd7 12. Bxe7 Qxe7 13. e4 dxc4 14. Bxc4 e5 15. Ba2 exd4 16. Nxd4 Nf6 17. f3 Nf4 18. Nce2 Nxe2+ 19. Nxe2 Bd7 20. Rfd1 Rad8 21. Rd2 Be6 22. Bxe6 Qxe6 23. Rcd1 Rxd2 24. Qxd2 Qe5 25. Qd4 Qxd4+ 26. Rxd4 Kf8 27. Kf2 Ke7 28. Ng3 g6 29. Ke3 c5 30. Rd2 Rc8 31. Ne2 a6 32. Nf4 Rd8 33. Rxd8 Kxd8 34. Nd3 Nd7 35. Kf4 Ke7 36. a4 b5 37. axb5 axb5 38. b3 Kd6 39. Kg5 c4 40. bxc4 bxc4 41. Nb4 c3 42. Kh6 Nf6 43. g4 Kc5 44. Nc2 Kc4 45. Kg7 Nd7 46. Kxf7 Ne5+ 47. Kf6 Nc6 48. e5 Kd3 49. Na3 Ke3 50. Kg7 Nxe5 51. Kxh7 g5 52. Kh6 Nxf3 53. Kg6 Kf4 54. Kf6 Nxh2 55. Ke6 Nxg4 0-1

[Event "Budapest Furdo"]
[Site "Budapest HUN"]
[Date "1995.??.??"]
[Round "3"]
[White "Bali, Janos"]
[Black "Mayer, Istvan"]
[Result "1/2-1/2"]
[WhiteElo "2200"]
[BlackElo "2275"]
[PlyCount "135"]
[EventDate "1995.??.??"]
[Source "www.chesslib.no"]
[SourceDate "2004.05.04"]

1. d4 Nf6 2. c4 e6 3. Nf3 d5 4. Nc3 c6 5. Bg5 Nbd7 6. e3 Be7 7. Rc1 O-O 8. Qc2 b6 9. Bd3 dxc4 10. Bxc4 c5 11. O-O Bb7 12. Ne5 cxd4 13. exd4 Rc8 14. Qe2 Nb8 15. Rfd1 Nd5 16. Bxd5 exd5 17. Bxe7 Qxe7 18. Qg4 Qd6 19. a3 a6 20. Rd3 Rc7 21. Rg3 f6 22. Nd3 Nc6 23. Rd1 Re8 24. Qh5 Rf7 25. Re3 Rd8 26. Qg4 Bc8 27. Qf4 g5 28. Qxd6 Rxd6 29. Nb4 Nxb4 30. axb4 Kf8 31. Rde1 Bd7 32. f3 Kg7 33. Kf2 Rf8 34. Ra1 b5 35. Rc1 Rc8 36. Re7+ Kg6 37. Ne2 Rxc1 38. Nxc1 Rc6 39. Ne2 Bf5 40. g4 Be6 41. Nc3 Bf7 42. Ra7 Rc4 43. Ke3 Rxb4 44. Rxa6 Rxb2 45. Ra5 Rb3 46. Kd2 b4 47. Nxd5 Bxd5 48. Rxd5 Rxf3 49. Rb5 Rh3 50. Rxb4 Rxh2+ 51. Ke3 Rh3+ 52. Ke2 h5 53. gxh5+ Rxh5 54. d5 Kf5 55. Rb6 g4 56. d6 Rh2+ 57. Ke3 Kg5 58. d7 Rh3+ 59. Ke2 Rh8 60. Rd6 Rd8 61. Ke3 Kf5 62. Rd4 Ke6 63. Rxg4 Rxd7 64. Ra4 Rh7 65. Ra5 f5 66. Kf4 Rh4+ 67. Kf3 Kf6 68. Ra8 1/2-1/2

[Event "Cartak CZE, Friendship IM 05"]
[Site "?"]
[Date "2005.06.23"]
[Round "8"]
[White "Pachta Paul"]
[Black "Malinovsky Karel"]
[Result "1/2-1/2"]
[WhiteElo "2159"]
[BlackElo "2316"]
[PlyCount "74"]
[EventDate "2005.??.??"]
[Source "www.chesslib.no"]
[SourceDate "2004.05.04"]

1. d4 d5 2. c4 e6 3. Nc3 Nf6 4. Bg5 Nbd7 5. e3 c6 6. Nf3 Be7 7. Qc2 O-O 8. Rc1 Re8 9. a3 dxc4 10. Bxc4 Nd5 11. Bxe7 Qxe7 12. O-O Nxc3 13. Qxc3 e5 14. dxe5 Nxe5 15. Nxe5 Qxe5 16. Qb3 Qe7 17. Rfd1 Bf5 18. Rd4 Rad8 19. Rcd1 Rxd4 20. Rxd4 b5 21. Be2 Qc5 22. Rd2 h6 23. Bf3 a5 24. h3 Re6 25. Qd1 Kh7 26. Bg4 Bxg4 27. Qxg4 b4 28. axb4 axb4 29. Qd4 Qa5 30. Qd3+ Rg6 31. f4 Qa1+ 32. Kf2 Qh1 33. Qe4 c5 34. b3 Qc1 35. Qc2 Qh1 36. Qe4 Qc1 37. Qc2 Qh1 1/2-1/2